Doctor Who Lowest Rated Episodes - Statistics

General Stats
  • This quiz has been taken 32 times
    18 since last reset
  • The average score is 15 of 26
Answer Stats
Year Incarnation Rating Episode % Correct
2020 13th 5.3 Praxeus
79%
2020 13th 5.2 The Timeless Children
79%
2022 13th 4.7 Legend of the Sea Devils
71%
2020 13th 4.2 Orphan 55
71%
2018 13th 5.1 The Tsuranga Conundrum
71%
1984 6th 5.3 The Twin Dilemma: Part Four
64%
1984 6th 5.3 The Twin Dilemma: Part One
64%
1984 6th 5.3 The Twin Dilemma: Part Three
64%
1984 6th 5.3 The Twin Dilemma: Part Two
64%
1987 7th 5.3 Time and the Rani: Part Four
64%
1987 7th 5.6 Time and the Rani: Part One
64%
1987 7th 5.3 Time and the Rani: Part Three
64%
1987 7th 5.5 Time and the Rani: Part Two
64%
2024 15th 5.2 Space Babies
57%
1969 2nd 5.3 The Space Pirates: Episode 1
57%
1969 2nd 5.1 The Space Pirates: Episode 3
57%
1969 2nd 5.1 The Space Pirates: Episode 4
57%
1969 2nd 5 The Space Pirates: Episode 5
57%
1969 2nd 4.8 The Space Pirates: Episode 6
57%
2018 13th 5.1 Arachnids in the UK
50%
2018 13th 5.4 The Battle of Ranskoor Av Kolos
50%
1985 6th 5.6 Timelash: Part One
43%
1985 6th 5.4 Timelash: Part Two
43%
2021 13th 5.5 Flux: Chapter Six - The Vanquishers
29%
1965 1st 5.6 Crater of Needles
7%
1965 1st 5.6 The Centre
7%
No matching quizzes found
Score Distribution
Percent of People with Each Score
Percentile by Number Answered
Your Score History
You have not taken this quiz since the last reset